Turbo Pascal :Lý thuyết cơ bản, bài tập, những chương trình mẫu trong Khoa học Kỹ thuật và kinh tế

Сохранить в:
Библиографические подробности
Главный автор: Bùi Thế Tâm
Формат:
Язык:Vietnamese
Опубликовано: Giao Thông Vận tải 1995
Предметы:
Метки: Добавить метку
Нет меток, Требуется 1-ая метка записи!
Thư viện lưu trữ: Mạng thư viện Đại học Đà Nẵng
LEADER 01034nam a2200313 a 4500
001 000000066
003 00771
005 20171229145310.0
008 171229s1995 vie
040 |a LSK 
041 0 |a VIE 
082 0 |a 005.13  |b BU-T 
100 1 |a Bùi Thế Tâm 
245 0 0 |a Turbo Pascal :Lý thuyết cơ bản, bài tập, những chương trình mẫu trong Khoa học Kỹ thuật và kinh tế 
260 |b Giao Thông Vận tải  |c 1995 
300 |a 460 pages  |c 19 cm 
653 |a Turbo Pascal 
852 |a Phòng Đọc 
901 |a 2 
927 |a Giáo trình 
OWN |a LSK 
AVA |a UDN50  |b LSK  |d 005.13 BU-T  |e available  |t Error 5001 Not defined in file expand_doc_bib_avail.  |f 2  |g 0  |h N  |i 0  |k 1 
999 |a From the UDN01 
AVA |a UDN50  |b LSK  |d 005.13 BU-T  |e available  |t Error 5001 Not defined in file expand_doc_bib_avail.  |f 2  |g 0  |h N  |i 0  |k 1 
TYP |a Monograph 
TYP |a Printed language 
980 |a Mạng thư viện Đại học Đà Nẵng